Anar al contingut

Математическая теория устойчивости с приложениями

Изложены основные понятия и теоремы современной теории устойчивости для систем в первом приближении, консервативных систем, систем с учетом диссипативных и гироскопических сил, систем с малым параметром. Основное внимание уделяется второму методу Ляпунова и его модификациям. Теоретический материал в...

Descripció completa

Guardat en:
Dades bibliogràfiques
Autor principal: Любимов В. В.
Format: Книга
Idioma:Russian
Publicat: Санкт-Петербург Лань 2022
Accés en línia:https://e.lanbook.com/book/213125
https://e.lanbook.com/img/cover/book/213125.jpg
Etiquetes: Afegir etiqueta
Sense etiquetes, Sigues el primer a etiquetar aquest registre!
LEADER 02881nam0a2200241 i 4500
001 213125
003 RuSpLAN
005 20221220174149.0
008 221220s2022 ru gs 000 0 rus
020 |a 978-5-8114-3218-9 
040 |a RuSpLAN 
041 0 |a rus 
044 |a ru 
245 0 0 |a Математическая теория устойчивости с приложениями  |c Любимов В. В. 
260 |a Санкт-Петербург  |b Лань  |c 2022 
300 |a 180 с. 
504 |a Библиогр.: доступна в карточке книги, на сайте ЭБС Лань 
520 8 |a Изложены основные понятия и теоремы современной теории устойчивости для систем в первом приближении, консервативных систем, систем с учетом диссипативных и гироскопических сил, систем с малым параметром. Основное внимание уделяется второму методу Ляпунова и его модификациям. Теоретический материал в пособии сопровождается разнообразными примерами применения теории устойчивости в авиации и космонавтике. Рассматриваются интересные динамические явления: биения, автоколебания, флаттер, внешняя устойчивость резонансов. Пособие предназначено для студентов вузов, обучающихся по направлениям подготовки и специальностям, входящим в УГС: «Математика и механика», «Физика и астрономия», «Электроника, радиотехника и системы связи», «Электро- и теплотехника», «Физико-технические науки и технологии», «Машиностроение», «Технологии материалов», «Авиационная и ракетно-космическая техника», и другим инженерно-техническим направлениям подготовки. Книга будет полезна аспирантам, преподавателям и специалистам в области динамики твердого тела и механики космического полета. 
521 8 |a Книга из коллекции Лань - Математика 
100 1 |a Любимов В. В. 
856 4 |u https://e.lanbook.com/book/213125 
856 4 8 |u https://e.lanbook.com/img/cover/book/213125.jpg 
953 |a https://e.lanbook.com/img/cover/book/213125.jpg